00516nam a2200097Ia 45000010005000000080041000050820025000461000179000712450144002502600024003942666241024s9999 xx 000 0 und d aRD/373.72/R426f/2008 aRepública Dominicana. Secretaría de Estado de Educacion.Subsecretaría de Estado Encargada de Asuntos Técnicos Pedagógicos. Departamento Orientación Y Psicología 0aFactores de riesgo y resiliencia en la población adolescente que asiste a centros educativos públicos del nivel medio en el país 2007 bSanto Domingoc2008